[Event "17PCR_ZK01"]
[Site "?"]
[Date "2007.??.??"]
[Round "?"]
[White "Hampl, Bohumil"]
[Black "Cvak, Rudolf"]
[Result "0-1"]
[WhiteElo "1930"]
[BlackElo "2247"]
[PlyCount "58"]
[EventDate "2007.??.??"]
[EventType "corr"]
[EventRounds "2"]
[SourceDate "2007.06.28"]

1. e4 c5 2. c3 Nf6 3. e5 Nd5 4. d4 cxd4 5. Nf3 Nc6 6. Bc4 Nb6 7. Bb3 d5 8. exd6
Qxd6 9. O-O Be6 10. Na3 dxc3 11. Nb5 Qxd1 12. Rxd1 Rc8 13. Bxe6 fxe6 14. bxc3
Nc4 15. Ng5 a6 16. Na3 Nxa3 17. Bxa3 e5 18. Rd3 h6 19. Ne4 Na5 20. Rad1 Nc4 21.
Bc1 b5 22. Kf1 Nd6 23. Nxd6+ exd6 24. Ba3 e4 25. Rg3 h5 26. Rd4 Kd7 27. Ke2 Rh6
28. Bb4 Re6 29. Rd5 h4 0-1

[Event "17PCR_ZK01"]
[Site "?"]
[Date "2007.??.??"]
[Round "?"]
[White "Ptacek, Jiri"]
[Black "Houdek, Vladimir"]
[Result "0-1"]
[WhiteElo "1751"]
[BlackElo "2185"]
[PlyCount "76"]
[EventDate "2007.??.??"]
[EventType "corr"]
[EventRounds "2"]
[SourceDate "2007.06.28"]

1. Nf3 d5 2. d4 Nf6 3. e3 e6 4. Bd3 Bd6 5. O-O O-O 6. c4 dxc4 7. Bxc4 Nc6 8.
Nc3 e5 9. dxe5 Nxe5 10. Nxe5 Bxe5 11. Qxd8 Rxd8 12. Re1 c6 13. e4 Be6 14. Bxe6
fxe6 15. Bg5 h6 16. Bxf6 gxf6 17. Rad1 Kf7 18. a3 b5 19. g3 a5 20. Rxd8 Rxd8
21. Rd1 Rxd1+ 22. Nxd1 a4 23. Kf1 b4 24. axb4 Bxb2 25. Ne3 a3 26. Nc2 a2 27.
Ke2 a1=Q 28. Nxa1 Bxa1 29. Kd3 e5 30. Kc4 Bd4 31. b5 cxb5+ 32. Kxb5 Bxf2 33.
Kc4 Bxg3 34. hxg3 Kg6 35. Kd5 Kg5 36. Ke6 h5 37. Kf7 f5 38. exf5 Kxf5 0-1

[Event "17PCR_ZK01"]
[Site "?"]
[Date "2007.??.??"]
[Round "?"]
[White "Latal, Frantisek"]
[Black "Hampl, Bohumil"]
[Result "1-0"]
[WhiteElo "2129"]
[BlackElo "1930"]
[PlyCount "77"]
[EventDate "2007.??.??"]
[EventType "corr"]
[EventRounds "2"]
[SourceDate "2007.06.28"]

1. e4 e5 2. Nf3 Nf6 3. d4 exd4 4. Bc4 d5 5. exd5 Nxd5 6. O-O Nc6 7. Re1+ Be7 8.
Nxd4 Ndb4 9. Nxc6 Qxd1 10. Rxd1 Nxc6 11. Bf4 Bf5 12. c3 Rc8 13. Nd2 O-O 14. Nf3
Rfe8 15. h3 Bf6 16. Re1 Na5 17. Bf1 Be6 18. Rad1 h6 19. a3 Bb3 20. Rxe8+ Rxe8
21. Rd7 c6 22. Rc7 Rd8 23. Be2 Rd5 24. Nd2 Be5 25. Rc8+ Kh7 26. Be3 a6 27. Nxb3
Nxb3 28. f4 Bd6 29. c4 Ra5 30. Bb6 Nc1 31. Bxa5 Nxe2+ 32. Kf1 Ng3+ 33. Kf2 Nf5
34. Bd2 Bc5+ 35. Ke2 Nd6 36. Rc7 Kg6 37. b4 Bb6 38. Rd7 Nxc4 39. Bc1 1-0

[Event "17PCR_ZK01"]
[Site "?"]
[Date "2007.??.??"]
[Round "?"]
[White "Latal, Frantisek"]
[Black "Ptacek, Jiri"]
[Result "1-0"]
[WhiteElo "2129"]
[BlackElo "1751"]
[PlyCount "99"]
[EventDate "2007.??.??"]
[EventType "corr"]
[EventRounds "2"]
[SourceDate "2007.06.28"]

1. e4 e6 2. d4 d5 3. Nc3 Bb4 4. e5 c5 5. a3 Bxc3+ 6. bxc3 c4 7. Nf3 Ne7 8. Be2
O-O 9. O-O Ng6 10. Bg5 Qa5 11. Qd2 Nc6 12. Rfb1 b5 13. Nh4 a6 14. Nxg6 fxg6 15.
Bg4 Ra7 16. f3 Ne7 17. a4 bxa4 18. Rb4 Nf5 19. Rbxa4 Qb6 20. Qe1 Qc6 21. Ra5
Rff7 22. Qc1 h6 23. Bd2 Kh7 24. f4 Rfb7 25. Qd1 Rb5 26. Rxb5 Qxb5 27. Bc1 a5
28. Bf3 Nh4 29. Be2 Nf5 30. g4 Ne7 31. Ba3 Rb7 32. Bf3 Kg8 33. Kg2 Kf7 34. Ra2
Qa6 35. Qc1 Bd7 36. f5 gxf5 37. g5 h5 38. g6+ Ke8 39. Bxe7 Kxe7 40. Qg5+ Ke8
41. Qxh5 Kd8 42. Qh4+ Kc7 43. Qh8 Kb6 44. Qxg7 Be8 45. Qf6 Bxg6 46. Qxe6+ Ka7
47. Qxd5 Rb5 48. Qa8+ Kb6 49. Qb8+ Qb7 50. Qxb7# 1-0

[Event "17PCR_ZK01"]
[Site "?"]
[Date "2007.??.??"]
[Round "?"]
[White "Hampl, Bohumil"]
[Black "Latal, Frantisek"]
[Result "0-1"]
[WhiteElo "1930"]
[BlackElo "2129"]
[PlyCount "64"]
[EventDate "2007.??.??"]
[EventType "corr"]
[EventRounds "2"]
[SourceDate "2007.06.28"]

1. e4 c5 2. c3 Nf6 3. e5 Nd5 4. d4 cxd4 5. Nf3 Nc6 6. Bc4 Nb6 7. Bb3 dxc3 8.
Nxc3 g6 9. Ng5 e6 10. Nf3 d5 11. Bg5 Be7 12. Bh6 Nd7 13. O-O g5 14. Re1 Rg8 15.
Bc2 a6 16. Nxd5 exd5 17. e6 Nf8 18. exf7+ Kxf7 19. Ne5+ Nxe5 20. Rxe5 g4 21.
Bxf8 Kxf8 22. Rxd5 Qc7 23. Bxh7 Rh8 24. Rc1 Qb6 25. Bf5 Be6 26. Re5 Bxa2 27.
Bxg4 Bf7 28. Rf5 Bf6 29. b4 Re8 30. Qd2 Kg7 31. Bf3 Re7 32. Rf4 Bg6 0-1

[Event "17PCR_ZK01"]
[Site "?"]
[Date "2007.??.??"]
[Round "?"]
[White "Svoboda, Josef"]
[Black "Latal, Frantisek"]
[Result "0-1"]
[WhiteElo "1847"]
[BlackElo "2129"]
[PlyCount "68"]
[EventDate "2007.??.??"]
[EventType "corr"]
[EventRounds "2"]
[SourceDate "2007.06.28"]

1. e4 c5 2. Nf3 Nc6 3. d4 cxd4 4. Nxd4 Nf6 5. Nc3 e6 6. Ndb5 d6 7. Bf4 e5 8.
Be3 a6 9. Na3 Rb8 10. Be2 b5 11. Ncb1 Be6 12. f3 d5 13. exd5 Nxd5 14. Bf2 Qa5+
15. Qd2 Nf4 16. Kf1 Bb4 17. c3 Be7 18. b4 Qc7 19. Be3 Rd8 20. Qc2 Nd5 21. Bf2
O-O 22. Kg1 Nf4 23. Bf1 Qd7 24. Be3 Nd5 25. Bf2 Bg5 26. Qb2 Ne3 27. Qe2 Nxf1
28. Qxf1 Qd1 29. h4 Qxf1+ 30. Kxf1 Rd1+ 31. Be1 Bc1 32. Nc2 Bb2 33. Ne3 Bc4+
34. Kf2 Rc1 0-1

[Event "17PCR_ZK01"]
[Site "?"]
[Date "2007.??.??"]
[Round "?"]
[White "Hampl, Bohumil"]
[Black "Ptacek, Jiri"]
[Result "1-0"]
[WhiteElo "1930"]
[BlackElo "1751"]
[PlyCount "67"]
[EventDate "2007.??.??"]
[EventType "corr"]
[EventRounds "2"]
[SourceDate "2007.06.28"]

1. e4 e5 2. Nf3 Nc6 3. d4 exd4 4. Bc4 Bc5 5. c3 Qf6 6. e5 Qe7 7. O-O h6 8. cxd4
Na5 9. Bd3 Bb6 10. d5 c5 11. Qa4 Bd8 12. Re1 Kf8 13. b4 cxb4 14. Bd2 Qe8 15.
Bxb4+ Ne7 16. Bxa5 Bxa5 17. Qxa5 b6 18. Qa3 Kg8 19. Nc3 a5 20. Nb5 Qd8 21. Nd6
Ba6 22. Bxa6 Rxa6 23. Rac1 Ra8 24. Nd4 g6 25. Qf3 Rh7 26. N4b5 Nc8 27. Ne8 Kh8
28. Nec7 Rb8 29. Qf6+ Qxf6 30. exf6 Na7 31. Nxa7 Kg8 32. Re8+ Rxe8 33. Nxe8 Rh8
34. Rc7 1-0

[Event "17PCR_ZK01"]
[Site "?"]
[Date "2007.??.??"]
[Round "?"]
[White "Ptacek, Jiri"]
[Black "Hampl, Bohumil"]
[Result "0-1"]
[WhiteElo "1751"]
[BlackElo "1930"]
[PlyCount "62"]
[EventDate "2007.??.??"]
[EventType "corr"]
[EventRounds "2"]
[SourceDate "2007.06.28"]

1. Nf3 Nf6 2. d4 g6 3. g3 d5 4. Bg2 Bg7 5. O-O O-O 6. Nc3 Nbd7 7. Re1 c5 8. e4
dxe4 9. Nxe4 Nxe4 10. Rxe4 cxd4 11. Nxd4 Nc5 12. Rh4 e5 13. Be3 exd4 14. Bxd4
Bxd4 15. Rxd4 Qb6 16. b3 Bf5 17. Rd6 Qc7 18. c4 Rfe8 19. Rd2 Rad8 20. Rxd8 Rxd8
21. Qe2 Qd7 22. Bd5 Re8 23. Qf3 Nd3 24. Bxb7 Nxf2 25. Qxf2 Qxb7 26. Rd1 Bg4 27.
Rd4 Re2 28. Rd8+ Kg7 29. Qd4+ f6 30. Qd5 Qb6+ 31. Qd4 Qc6 0-1

[Event "17PCR_ZK01"]
[Site "?"]
[Date "2007.??.??"]
[Round "?"]
[White "Hampl, Bohumil"]
[Black "Vins, Karel"]
[Result "1-0"]
[WhiteElo "1930"]
[BlackElo "1732"]
[PlyCount "51"]
[EventDate "2007.??.??"]
[EventType "corr"]
[EventRounds "2"]
[SourceDate "2007.06.28"]

1. e4 e5 2. Nf3 Nc6 3. d4 exd4 4. Bc4 Nf6 5. e5 d5 6. Bb5 Ng8 7. Nxd4 Bd7 8.
Nxc6 bxc6 9. Bd3 Be6 10. O-O g6 11. f4 Bc5+ 12. Kh1 Ne7 13. Nd2 Nf5 14. Nb3 Be7
15. g4 Nh4 16. f5 gxf5 17. gxf5 Bd7 18. e6 Bxe6 19. fxe6 fxe6 20. Qh5+ Kd7 21.
Rf7 Ng6 22. Nc5+ Kc8 23. Nxe6 Qe8 24. Ba6+ Kd7 25. Nc5+ Kd6 26. Nb7+ 1-0

[Event "17PCR_ZK01"]
[Site "?"]
[Date "2007.??.??"]
[Round "?"]
[White "Vins, Karel"]
[Black "Hampl, Bohumil"]
[Result "0-1"]
[WhiteElo "1732"]
[BlackElo "1930"]
[PlyCount "54"]
[EventDate "2007.??.??"]
[EventType "corr"]
[EventRounds "2"]
[SourceDate "2007.06.28"]

1. d4 Nf6 2. c4 e5 3. dxe5 Ng4 4. Nf3 Nc6 5. b3 Ncxe5 6. Nxe5 Nxe5 7. Bb2 Bb4+
8. Nd2 f6 9. a3 Bxd2+ 10. Qxd2 Qe7 11. e3 d6 12. Be2 Be6 13. O-O O-O-O 14. Bxe5
fxe5 15. Qa5 Kb8 16. e4 Rhf8 17. Qd2 g5 18. g4 Rf4 19. f3 Bf7 20. Rf2 h5 21. h3
Rh8 22. Kg2 hxg4 23. hxg4 Bxc4 24. Rh1 Rxh1 25. Kxh1 Bxb3 26. Rh2 Qf6 27. Qb4
Be6 0-1